LEADER 00960nam--2200373---450- 001 990003096970203316 005 20110808094354.0 035 $a000309697 035 $aUSA01000309697 035 $a(ALEPH)000309697USA01 035 $a000309697 100 $a20080417d1952----km-y0itay50------ba 101 $afre 102 $aFR 105 $a||||||||001yy 200 1 $aMarie Dubois$eroman$fJacques Audiberti 210 $aParis$cGallimard$dcopyr. 1952 215 $a285 p.$d21 cm 225 2 $aNrf 410 0$12001$aNrf 454 1$12001 461 1$1001-------$12001 606 0 $aNarrativa francese 676 $a843 700 1$aAUDIBERTI,$bJacques$0469293 801 0$aIT$bsalbc$gISBD 912 $a990003096970203316 951 $aII.4.A.195$b3184 DSLL 959 $aBK 969 $aDSLL 979 $aDSLL$b90$c20080417$lUSA01$h1013 979 $aDSLL$b90$c20110808$lUSA01$h0943 996 $aMarie Dubois$91019173 997 $aUNISA LEADER 00874nam0-22002891i-450 001 990006386670403321 005 20221202143917.0 035 $a000638667 035 $aFED01000638667 035 $a(Aleph)000638667FED01 100 $a19980601d1987----km-y0itay50------ba 101 0 $aita 102 $aIT 105 $a--------00-yy 200 1 $aIndici complementari ai bolli doliari urbani (cil. XV, 1)$fEva Margareta Steinby 210 $aRoma$cTip. Italo-orientale "S.Nilo"$d1987 215 $a422 p.$d24 cm 225 1 $aActa Instituti Romani Finlandiae$v11 676 $a769.56$v23$zita 700 1$aSteinby,$bEva Margareta$0163683 801 0$aIT$bUNINA$gREICAT$2UNIMARC 901 $aBK 912 $a990006386670403321 952 $aIV M 311 (11)$b35399*$fFGBC 959 $aFGBC 996 $aIndici complementari ai Bolli Doliari Urbani$9483184 997 $aUNINA LEADER 04456nam 2200445z- 450 001 9910985981203321 005 20220803 035 $a(CKB)5580000000355307 035 $a(oapen)https://directory.doabooks.org/handle/20.500.12854/90465 035 $a(oapen)doab90465 035 $a(EXLCZ)995580000000355307 100 $a20202208d2022 |y 0 101 0 $ager 135 $aurmn|---annan 181 $ctxt$2rdacontent 182 $cn$2rdamedia 183 $anc$2rdacarrier 200 00$aEin provinzialro?mischer Kultplatz auf der Gradis?c?e bei Sankt Egyden in Unterka?rnten 210 $cVerlag der O?sterreichischen Akademie der Wissenschaften$d2022 210 1$cWien :$cOsterreichisches Archaologisches Institut ;$cHolzhausen Verlag,$d2022. 215 $a1 online resource 311 08$a3-903207-55-1 327 $aThe publication focuses on a small cave near St. Egyden in Carinthia (Austria), where archaeological excavations were carried out in 2011. The scientific evaluation of the archaeological data has shown that the place was a Roman-era cult site, which is characterized by Remains of offerings and celebrations and meals held by a small rural community. In the present publication, this archaeological source material is made accessible in detail in order to discuss questions of cult practice, the deity that may has been worshiped, and the organization and composition of the cult community 330 $aIm Zentrum der Vero?ffentlichung steht eine bei St. Egyden in Ka?rnten (AT) gelegene kleine Ho?hle, in der im Jahr 2011 archa?ologische Ausgrabungen durchgefu?hrt wurden. Die wissenschaftliche Auswertung der archa?ologischen Daten hat gezeigt, dass es sich um einen ro?merzeitlichen Kultplatz handelt, der sich durch U?berreste auszeichnet, die von Kultfeiern und -ma?hlern sowie Opfergaben einer kleinen ruralen Kultgemeinschaft stammen. In der vorliegenden Publikation wird dieses archa?ologische Quellenmaterial detailliert zuga?nglich gemacht, um darauf aufbauend Fragen zur Kultpraxis, der mo?glicherweise verehrten Gottheit sowie der Organisation und Zusammensetzung der Kultgemeinschaft zu diskutieren. 330 $aThe publication focuses on a small cave near St. Egyden in Carinthia (Austria), where archaeological excavations were carried out in 2011. The scientific evaluation of the archaeological data has shown that the place was a Roman-era cult site, which is characterized by remains of offerings and celebrations and meals held by a small rural community. In the present publication, this archaeological source material is made accessible in detail in order to discuss questions of cult practice, the deity that may has been worshipped, and the organization and composition of the cult community. 610 $aArchaeozoology, Gradis?c?e, cave, pottery, small finds, cult, mysteries of Mithras, Noricum, Roman Provincial Archaeology, Roman era 610 $aArcha?ozoologie, Gradis?c?e, Ho?hle, Keramik, Kleinfunde, Kult, Mysterienkult, Mithras, Noricum, Provinzialro?mische Archa?ologie, Ro?merzeit 610 $aO?FOS 2012 -- GEISTESWISSENSCHAFTEN (6) -- Geschichte, Archa?ologie (601) -- Geschichte, Archa?ologie (6010) -- Archa?ologie (601003) 610 $aO?FOS 2012 -- GEISTESWISSENSCHAFTEN (6) -- Geschichte, Archa?ologie (601) -- Geschichte, Archa?ologie (6010) -- Epigraphik (601004) 610 $aO?FOS 2012 -- GEISTESWISSENSCHAFTEN (6) -- Geschichte, Archa?ologie (601) -- Geschichte, Archa?ologie (6010) -- Numismatik (601015) 610 $aO?FOS 2012 -- HUMANITIES (6) -- History, Archaeology (601) -- History, Archaeology (6010) -- Archaeology (601003) 610 $aO?FOS 2012 -- HUMANITIES (6) -- History, Archaeology (601) -- History, Archaeology (6010) -- Epigraphy (601004) 610 $aO?FOS 2012 -- HUMANITIES (6) -- History, Archaeology (601) -- History, Archaeology (6010) -- Numismatics (601015) 610 $aO?FOS 2012 -- NATURAL SCIENCES (1) -- Other Natural Sciences (107) -- Other Natural Sciences (1070) -- Archaeometry (107001) 610 $aO?FOS 2012 -- NATURWISSENSCHAFTEN (1) -- Andere Naturwissenschaften (107) -- Andere Naturwissenschaften (1070) -- Archa?ometrie (107001) 700 $aHinker$b Christoph$4auth$0802688 906 $aBOOK 912 $a9910985981203321 996 $aEin provinzialrömischer Kultplatz auf der Gradi??e bei Sankt Egyden in Unterkärnten$93018960 997 $aUNINA